000 00893nam a22002297a 4500
999 _c92733
_d92733
005 20221228123802.0
010 _aENG-112579, ENG-135963
020 _a9789381904015
_c495.00
035 _aEN-96111, EN-119495
037 _bDBAD/PUB
082 _a337
245 0 0 _aGlobalization and development :
_cedited by Shantanu Chakrabarti [and] Kingshuk Chatterjee
_bcurrent trends /
260 _aNew Delhi
_bKW Publishers
_c2012
270 _a4676/21, First Floor, Ansari Road, Daryaganj,
_bNew Delhi
_e110002
300 _axi,169p.
_c24cm(Hb)
_breference
500 _a Includes bibliographical references.
520 _a Papers presented at a conference held at New York City during 18-19 November 2010.
650 _a Globalization
_xEconomic aspects |v Congresses.
700 _aChakrabarti, Shantanu
700 _aChatterjee, Kingshuk
942 _2ddc
_cEN
_mGLO
_h337